000
00293nam a22001337a 4500
008
181217b xxu||||| |||| 00| 0 eng d
020
_a
..9781419716201
041
_a
eng
080
_a
701
100
_a
44
101
_a
ART
245
_a
Richard Dieberkorn
_c
Dieberkorn,R
942
_2
udc
_c
BK
999
_c
53225
_d
53225